| 000 | 01039cam a2200289 i 4500 | ||
|---|---|---|---|
| 001 | bg | ||
| 003 | KOSZ 005 | ||
| 005 | 20230201114946.0 | ||
| 008 | 000705s2000 pl a |001 0 pol | ||
| 015 | _aPB 2000/12211 | ||
| 020 | _a8386605626 | ||
| 040 |
_aWA N _cKOSZ 005/HR _dKOSZ 005/HR |
||
| 080 | _a316.77 | ||
| 080 | _a659.3 | ||
| 245 | 0 | 0 |
_aKomunikatorzy : _bwpływ, wrażenie, wizerunek / _cGerald S. Abramczyk [et al.]. |
| 260 |
_aWarszawa ; _aBydgoszcz : _b"Branta", _c2000. |
||
| 300 |
_a[4], 403 s. : _bil. (w tym kolor.) ; _c21 cm. |
||
| 500 | _aNa okł. aut.: Andrzej Drzycimski z zespołem. | ||
| 504 | _aIndeks. | ||
| 650 | 4 | _aŚrodki masowego przekazu | |
| 650 | 4 | _aKomunikacja społeczna | |
| 700 | 1 | _aAbramczyk, Gerald S. | |
| 710 | 2 |
_aAgencja Marketingowa, Oficyna Wydawnicza Branta _4pbl. |
|
| 700 | 1 |
_aDrzycimski, Andrzej _d(1942- ) _eAutor |
|
| 856 |
_uhttp://koha.tu.koszalin.pl/cgi-bin/koha/opac-detail.pl?biblionumber=37205 _yKatalog online BPK |
||
| 942 |
_2UKD _cKS |
||
| 999 |
_c37205 _d37205 |
||